<?xml version="1.0" encoding="UTF-8"?><?xml-stylesheet type="text/xsl" href="static/style.xsl"?><OAI-PMH xmlns="http://www.openarchives.org/OAI/2.0/" xmlns:xsi="http://www.w3.org/2001/XMLSchema-instance" xsi:schemaLocation="http://www.openarchives.org/OAI/2.0/ http://www.openarchives.org/OAI/2.0/OAI-PMH.xsd"><responseDate>2026-06-02T12:45:49Z</responseDate><request verb="GetRecord" identifier="oai:riuma.uma.es:10630/19648" metadataPrefix="marc">https://riuma.uma.es/rest/oai/request</request><GetRecord><record><header><identifier>oai:riuma.uma.es:10630/19648</identifier><datestamp>2026-02-03T12:16:32Z</datestamp><setSpec>com_10630_2254</setSpec><setSpec>col_10630_37959</setSpec></header><metadata><record xmlns="http://www.loc.gov/MARC21/slim" xmlns:dcterms="http://purl.org/dc/terms/" xmlns:doc="http://www.lyncode.com/xoai" xmlns:xsi="http://www.w3.org/2001/XMLSchema-instance" xsi:schemaLocation="http://www.loc.gov/MARC21/slim http://www.loc.gov/standards/marcxml/schema/MARC21slim.xsd">
   <leader>00925njm 22002777a 4500</leader>
   <datafield ind2=" " ind1=" " tag="042">
      <subfield code="a">dc</subfield>
   </datafield>
   <datafield ind2=" " ind1=" " tag="720">
      <subfield code="a">Pérez-Ordóñez, Cristina de los Ángeles</subfield>
      <subfield code="e">author</subfield>
   </datafield>
   <datafield ind2=" " ind1=" " tag="720">
      <subfield code="a">Castro-Martínez, Andrea</subfield>
      <subfield code="e">author</subfield>
   </datafield>
   <datafield ind2=" " ind1=" " tag="720">
      <subfield code="a">Villena-Alarcón, Eduardo Antonio</subfield>
      <subfield code="e">author</subfield>
   </datafield>
   <datafield ind2=" " ind1=" " tag="260">
      <subfield code="c">2020-07-11</subfield>
   </datafield>
   <datafield ind2=" " ind1=" " tag="520">
      <subfield code="a">La creciente industria de festivales en España está trascendiendo lo meramente musical para convertirse en nuevo producto en el que se incluyen otros muchos elementos. Así, cada año, los festivales atraen a nuevos públicos más interesados en vivir la experiencia comercial del festival que la meramente musical, por lo que estas empresas buscan comunicarse con esos nuevos públicos a través de diferentes canales y formatos. Prueba de ello es el uso intensivo de Instagram y, en concreto, de los vídeos, como forma de transmitir la identidad del festival y de captan la atención de nuevos targets. En este artículo, realizamos un estudio de tres festivales de música moderna —BBK Live, Primavera Sound y Mad Cool—, centrándonos en el análisis de los vídeos que publican a través de Instagram, antes, durante y después del festival. En concreto, estudiamos, a través de un análisis narrativo, los vídeos de la última edición de estos festivales: presentación, resúmenes diarios y el llamado aftermovie, el vídeo final resumen del evento. Igualmente, hemos realizado una comparación entre los tres con la finalidad de establecer tanto las características generales de este tipo de audiovisual como las diferencias entre ellos. De esta forma, podemos determinar, igualmente, algunos de los valores identitarios de cada uno de los eventos analizados.</subfield>
   </datafield>
   <datafield ind1="8" ind2=" " tag="024">
      <subfield code="a">https://hdl.handle.net/10630/19648</subfield>
   </datafield>
   <datafield tag="653" ind2=" " ind1=" ">
      <subfield code="a">Música</subfield>
   </datafield>
   <datafield tag="653" ind2=" " ind1=" ">
      <subfield code="a">Festivales musicales</subfield>
   </datafield>
   <datafield tag="653" ind2=" " ind1=" ">
      <subfield code="a">Grabaciones en vídeo</subfield>
   </datafield>
   <datafield tag="653" ind2=" " ind1=" ">
      <subfield code="a">Medios sociales</subfield>
   </datafield>
   <datafield ind2="0" ind1="0" tag="245">
      <subfield code="a">Películas de festivales en Instagram: análisis de los vídeos más representativos de los festivales de música moderna en España</subfield>
   </datafield>
</record>
</metadata></record></GetRecord></OAI-PMH>